Nommez les supercar et hypercar - Statistiques

Statistiques générales
  • Ce quiz a été pris 84 fois
  • Le résultat moyen est 5 sur 11
Statistiques - réponses
Par images Réponse % Correct
Porsche 918 spyder
93%
Ferrari Daytona SP3
70%
Mclaren W1
70%
Koenigsegg Regera
69%
Bugatti Brouillard
63%
Lotus Evija
52%
Hennessey Venom F5
34%
Pininfarina Battista
33%
Apollo Project Evo
15%
Lamborghini V12 Vision gt
7%
Pagani Huayra BC Macchina Volante
1%
Aucun quiz correspondant
Distribution des résultats
% des personnes avec chaque résultat
Percentile par nombre de réponses
Votre historique - résultats
Vous n’avez pas pris ce quiz